India in world affairs / (Record no. 21437)

MARC details
000 -LEADER
fixed length control field 00888cam a22002771 4500
001 - CONTROL NUMBER
control field 6978347
003 - CONTROL NUMBER IDENTIFIER
control field BDDh-ASL
005 - DATE AND TIME OF LATEST TRANSACTION
control field 20231015030008.0
008 - FIXED-LENGTH DATA ELEMENTS--GENERAL INFORMATION
fixed length control field 721019s19581952xx 000 0 eng
010 ## - LIBRARY OF CONGRESS CONTROL NUMBER
LC control number 53030604
035 ## - SYSTEM CONTROL NUMBER
System control number (OCoLC)467148
040 ## - CATALOGING SOURCE
Original cataloging agency DLC
Transcribing agency ODaWU
Modifying agency DLC
-- BDDh-ASL
042 ## - AUTHENTICATION CODE
Authentication code premarc
050 00 - LIBRARY OF CONGRESS CALL NUMBER
Classification number DS448
Item number .K35
082 ## - DEWEY DECIMAL CLASSIFICATION NUMBER
Classification number 327.54
Item number KAI
100 1# - MAIN ENTRY--PERSONAL NAME
Personal name Karunakaran, Kotta P.,
Dates associated with a name 1925-
245 10 - TITLE STATEMENT
Title India in world affairs /
260 ## - PUBLICATION, DISTRIBUTION, ETC.
Place of publication, distribution, etc. [Calcutta, New York]
Name of publisher, distributor, etc. Indian Branch, Oxford University Press
Date of publication, distribution, etc. [1952-58]
300 ## - PHYSICAL DESCRIPTION
Extent 266 p.:
Dimensions 22 cm.
410 20 - SERIES STATEMENT/ADDED ENTRY--CORPORATE NAME [OBSOLETE, CAN/MARC], [LOCAL, USA]
Corporate name or jurisdiction name as entry element Indian Council of World Affairs.
Title of a work India in world affairs,
Volume number/sequential designation 1-2
504 ## - BIBLIOGRAPHY, ETC. NOTE
Bibliography, etc. note Bibliography: v.[1]. p. [389]-400; v.[2], p. [255]-259.
650 #0 - SUBJECT ADDED ENTRY--TOPICAL TERM
9 (RLIN) 1531
Topical term or geographic name entry element International Relations
651 #0 - SUBJECT ADDED ENTRY--GEOGRAPHIC NAME
Geographic name India
General subdivision Foreign relations.
906 ## - LOCAL DATA ELEMENT F, LDF (RLIN)
a 7
b cbc
c oclcrpl
d u
e ncip
f 19
g y-gencatlg
942 ## - ADDED ENTRY ELEMENTS (KOHA)
Source of classification or shelving scheme Dewey Decimal Classification
Koha item type Books
Holdings
Withdrawn status Lost status Source of classification or shelving scheme Damaged status Not for loan Collection code Home library Current library Shelving location Date acquired Source of acquisition Total Checkouts Full call number Barcode Date last seen Copy number Price effective from Koha item type Public note
    Dewey Decimal Classification   Not For Loan Non-fiction Asiatic Society Library Asiatic Society Library General Stacks 02/01/2021 ASB Collection   327.54 KAI 105151 02/01/2021 C-1 02/01/2021 Books RARE

Powered by Koha